000 00468nam a2200181Ia 4500
001 9930
005 20260306161754.0
008 260306t2004||||xx |||||||||||||| ||spa||
041 _aESP
082 _a808.53
_bM28
100 _aMatos Moquete, Manuel
_eAUT
245 0 _aEstrategias de captación de la voluntad popular en las elecciones de 2004
260 _c2004
300 _a309 páginas :
_ccm.
650 _aGEN
654 _aCHU
942 _cLIB
_dJUS
_fJUS
_2ddc
_n
999 _c9930
_d9930